| 000 | 00572cam a2200217 i 4500 | ||
|---|---|---|---|
| 001 | 4628877 | ||
| 005 | 20180131033924.0 | ||
| 008 | 781207s1978 nyua 001 0 eng | ||
| 010 | _a 78020842 | ||
| 020 | _a0671249592 | ||
| 040 |
_aDLC _cDLC _dDLC |
||
| 041 | _aeng | ||
| 080 | _a612 BEV | ||
| 082 | 0 | 0 | _a612 BEV |
| 100 | 1 | _a7 | |
| 101 | _aANA | ||
| 245 | 1 | 4 |
_aThe Simon and Schuster handbook of anatomy and physiology / _cJames Bevan. |
| 740 | _aHandbook of anatomy and physiology. | ||
| 906 |
_a7 _bcbc _corignew _d1 _eocip _f19 _gy-gencatlg |
||
| 942 |
_2ddc _cBK |
||
| 999 |
_c41320 _d41320 |
||